| 000 | 00625nam a22001817a 4500 | ||
|---|---|---|---|
| 003 | BD-DhUL | ||
| 005 | 20170208160727.0 | ||
| 008 | 170208s1964 ii ||||| |||| 00| 0 eng | ||
| 040 |
_aBD-DhUL _cBD-DhUL |
||
| 082 |
_a891.441 _bKAK |
||
| 100 | 1 | _aকালিদাস | |
| 245 | 1 | 0 |
_aকুমারসম্ভব / _cকালিদাস, প্রবোধেন্দুনাথ ঠাকুর |
| 260 |
_aColcata : _bRonjon pub. house , _c1364. |
||
| 300 |
_a91 p. : _c25 cm. |
||
| 650 | 0 | _aবাংলা কবিতা | |
| 700 | _aপ্রবোধেন্দুনাথ ঠাকুর | ||
| 942 |
_2ddc _cBK |
||
| 999 |
_c156716 _d156716 |
||